000 00418nam a22001697a 4500
003 OSt
005 20220316102911.0
008 220316b |||||||| |||| 00| 0 eng d
020 _a0762310472
040 _cH U
082 _a657.019
100 _aARNOLD,VICKY
_933193
245 _aADVANCES IN ACCOUNTING BEHAVIORAL RESEARCH
260 _aLONDON
_bELSEVIER JAI LTD
_c2003
300 _a215
942 _2ddc
_cBOOKS
_n0
999 _c32961
_d32961